Ekonomický rast založený na obmedzeniach platobnej bilancie dizertačná práca
Uložené v:
| Hlavný autor: | |
|---|---|
| Korporativný autor: | |
| Ďalší autori: | |
| Médium: | Kniha |
| Jazyk: | English |
| Vydavateľské údaje: |
Bratislava
2016
|
| Predmet: | |
| Tagy: |
Žiadne tagy, Buďte prvý, kto otaguje tento záznam!
|
MARC
| LEADER | 00000nbm a2200000 4500 | ||
|---|---|---|---|
| 001 | 0225973 | ||
| 005 | 20240502073717.3 | ||
| 041 | 0 | |a eng | |
| 044 | |a SK | ||
| 245 | 1 | 0 | |a Ekonomický rast založený na obmedzeniach platobnej bilancie |b dizertačná práca |c Peter Leško ; školiteľ: Eva Muchová |
| 264 | 1 | |a Bratislava |c 2016 | |
| 300 | |a 125 s. | ||
| 610 | 2 | 0 | |a rast hospodársky |
| 610 | 2 | 0 | |a bilancia platobná |
| 610 | 2 | 0 | |a zmeny štruktúrne |
| 610 | 2 | 0 | |a konvergencia |
| 100 | 1 | |a Leško, Peter, 1989- | |
| 700 | 1 | |a Muchová, Eva, 1961- | |
| 710 | 2 | |a Národohospodárska fakulta EU. Katedra ekonómie | |